[Event "Groningen Festival 2019-A"]
[Site "Groningen"]
[Date "2019.12.21"]
[Round "1.1"]
[White "Tiviakov, Sergei"]
[Black "Kokje, Joris"]
[Result "1/2-1/2"]
[WhiteElo "2615"]
[BlackElo "2222"]
[Annotator "TA"]
[PlyCount "75"]
[EventDate "2019.12.15"]
[EventType "swiss"]
[EventCountry "NED"]
[SourceTitle "playchess.com"]
[Source "ChessBase"]
[SourceQuality "1"]

{[%evp 13,75,10,13,7,0,0,0,0,63,64,63,50,66,55,60,59,203,158,168,134,127,120,104,104,99,106,91,47,71,44,39,14,20,4,20,0,3,16,24,23,39,13,21,0,0,0,0,0,-4,-7,0,-29,-51,-84,-83,-98,-98,-127,-131,-98,-6,-14,-21,-21]} 1. e4 c5 2. c3 Nf6 3. e5 Nd5 4. Nf3 Nc6 5. Bc4 Nb6 6. Bb3 d5 7. exd6 Qxd6 8. O-O {B22: Sicilian: 2 c3} (8. Na3 a6 9. O-O Bf5 10. d4 cxd4 11. Nxd4 Nxd4 12. cxd4 e6 13. Qf3 Qd7 14. Qg3 Bg6 15. Bf4 Bxa3 16. bxa3 O-O 17. Rac1 Rac8 18. h4 Nd5 19. Bd6 Nc3 20. Rce1 {0-1 (38) Mamedov,R (2699)-Navara,D (2740) Porto Carras 2018}) 8... Be6 9. Na3 Bxb3 10. axb3 g6 (10... Qd3 $11) 11. d4 $14 cxd4 12. Nb5 ({Don't play} 12. cxd4 $6 Bg7 $15) (12. Nxd4 $6 Nxd4 13. cxd4 Bg7 $11) 12... Qd7 13. Bf4 $1 {[#] aiming for Nc7+.} (13. cxd4 Bg7 $15) 13... Nd5 14. Bg3 {Threatens to win with c4.} Rc8 ({Black should play} 14... Bh6 $1 $14) 15. Re1 ({But not} 15. Nbxd4 $6 Bg7 $16) 15... e6 16. Nbxd4 $146 ({Predecessor:} 16. Nfxd4) 16... Bg7 17. Nxc6 Qxc6 18. Nd4 Qd7 19. Rxa7 O-O 20. c4 Nb4 21. Nb5 (21. Nf5 $5 Rfd8 22. Nd6 $14) 21... Rfd8 $1 22. Nd6 Rb8 23. Qb1 e5 24. Rd1 Qc6 25. Nb5 Qe4 26. Ra1 (26. Qxe4 $2 {leads to mate.} Rxd1+ 27. Qe1 Rxe1#) 26... Qe2 27. Re1 Qd2 28. Nc3 Qc2 $1 29. Re2 Qxb3 30. Bxe5 Bxe5 31. Rxe5 Qxc4 32. Ra4 b5 {[%cal Bb7b5,Bb5b4][%mdl 32]} 33. Ra1 Nd3 34. Re3 b4 35. Ne4 Qd4 36. Re2 Re8 (36... Rbc8 $17 {Strongly threatening ...Rc1+.} 37. Qd1 Re8) 37. Nf6+ Qxf6 38. Qxd3 {Accuracy: White = 53%, Black = 56%.} 1/2-1/2

[Event "Groningen Festival 2019-A"]
[Site "Groningen"]
[Date "2019.12.21"]
[Round "1.2"]
[White "Sargsyan, Shant"]
[Black "Grutter, Tim"]
[Result "1-0"]
[WhiteElo "2601"]
[BlackElo "2214"]
[Annotator "TA"]
[PlyCount "37"]
[EventDate "2019.12.15"]
[EventType "swiss"]
[EventCountry "NED"]
[SourceTitle "playchess.com"]
[Source "ChessBase"]
[SourceQuality "1"]

{[%evp 19,53,43,59,26,63,70,77,48,58,0,0,7,94,83,85,81,301,275,347,296,293,294,420,419,637,590,646,638,772,759,727,705,2608,2425,29992,29993]} 1. Nf3 Nf6 2. c4 g6 3. Nc3 Bg7 4. e4 d6 5. d4 O-O 6. h3 e5 7. d5 Nbd7 8. Be3 Nc5 9. Nd2 a5 10. g4 c6 11. Qc2 {E90: King's Indian: Classical: Early deviations and 6 h3} (11. Be2 a4 12. h4 Qa5 13. f3 a3 14. Qc2 axb2 15. Qxb2 h5 16. g5 Nfd7 17. O-O f6 18. Kg2 Qd8 19. Nb3 fxg5 20. hxg5 {½-½ (67) Nepomniachtchi,I (2757)-Grischuk,A (2766) chess.com INT 2018}) 11... cxd5 12. cxd5 Bd7 13. Bxc5 $146 {White is better.} ({Predecessor:} 13. f3 a4 14. a3 Qb8 15. Kf2 b5 16. Na2 Rc8 17. Qd1 Rc7 18. Nb4 Qc8 {1-0 (47) Arnelind,M (2194)-Nilsson,P (2015) Tylosand 2016}) 13... dxc5 14. Bb5 (14. a4 $14) 14... Bxb5 $11 15. Nxb5 Nd7 (15... a4 $1 $11) 16. O-O-O $16 Nb6 17. Nc4 f5 $2 {[#]} (17... Nxc4 $16 18. Qxc4 Qf6) 18. gxf5 gxf5 19. d6 {Played: Rh1-g1} 1-0

[Event "Groningen Festival 2019-A"]
[Site "Groningen"]
[Date "2019.12.21"]
[Round "1.2"]
[White "Woong, Zhi Wei William"]
[Black "Krasenkow, Michal"]
[Result "*"]
[WhiteElo "2222"]
[BlackElo "2611"]
[Annotator "RC"]
[PlyCount "51"]
[EventDate "2019.12.15"]
[EventType "swiss"]
[EventCountry "NED"]
[SourceTitle "playchess.com"]
[Source "ChessBase"]
[SourceQuality "1"]
[TimeControl "40/5400+30:1800+30"]

1. Nf3 {[%emt 0:01:13]} Nf6 {[%emt 0:00:00]} 2. c4 {[%emt 0:00:30]} g6 {[%emt 0:00:00]} 3. Nc3 {[%emt 0:00:51]} Bg7 {[%emt 0:00:10]} 4. e4 {[%emt 0:00:50]} d6 {[%emt 0:00:15]} 5. d4 {[%emt 0:00:39]} O-O {[%emt 0:00:19]} 6. h3 {[%emt 0:00:59]} e5 {[%emt 0:05:27]} 7. d5 {[%emt 0:00:17]} Nbd7 {[%emt 0:01:44]} 8. Be3 {[%emt 0:01:36]} Nc5 {[%emt 0:02:37]} 9. Nd2 {[%emt 0:01:14]} a5 {[%emt 0:01:20]} 10. g4 {[%emt 0:01:46]} c6 {[%emt 0:04:32]} 11. Qc2 {[%emt 0:02:21]} cxd5 {[%emt 0:06:32]} 12. cxd5 {[%emt 0:01:03]} Bd7 {[%emt 0:02:29]} 13. Bxc5 {[%emt 0:04:23]} dxc5 {[%emt 0:00:18]} 14. Bb5 {[%emt 0:00:23]} Bxb5 {[%emt 0:18:59]} 15. Nxb5 {[%emt 0:00:24]} Nd7 {[%emt 0:01:57]} 16. O-O-O {[%emt 0:05:17]} Nb6 {[%emt 0:07:22]} 17. Nc4 {[%emt 0:05:18]} f5 {[%emt 0:07:26]} 18. gxf5 {[%emt 0:02:30]} gxf5 {[%emt 0:00:17]} 19. Rhg1 {[%emt 0:02:00]} Nxc4 {[%emt 0:00:54]} 20. Qxc4 {[%emt 0:00:34]} Kh8 {[%emt 0:05:23]} 21. d6 {[%emt 0:01:52]} Qd7 {[%emt 0:06:31]} 22. Nc7 {[%emt 0:02:53]} Rac8 {[%emt 0:01:06]} 23. Ne6 {[%emt 0:00:46]} Bh6+ {[%emt 0:01:23]} 24. Kb1 {[%emt 0:00:13]} Rf6 {[%emt 0:03:22]} 25. exf5 {[%emt 0:00:12]} b5 {[%emt 0:06:06]} 26. Qh4 {[%emt 0:00:37]} *

[Event "Groningen Festival 2019-A"]
[Site "Groningen"]
[Date "2019.12.21"]
[Round "1.3"]
[White "Sargsyan, Shant"]
[Black "Grutter, Tim"]
[Result "*"]
[WhiteElo "2601"]
[BlackElo "2214"]
[Annotator "RC"]
[PlyCount "29"]
[EventDate "2019.12.15"]
[EventType "swiss"]
[EventCountry "NED"]
[SourceTitle "playchess.com"]
[Source "ChessBase"]
[SourceQuality "1"]
[TimeControl "40/5400+30:1800+30"]

1. e4 {[%emt 0:00:00]} d6 {[%emt 0:00:00]} 2. Nc3 {[%emt 0:00:00]} e5 {[%emt 0:00:35]} 3. f4 {[%emt 0:00:12]} exf4 {[%emt 0:00:05]} 4. Nf3 {[%emt 0:00:18]} g5 {[%emt 0:00:23]} 5. h3 {[%emt 0:07:47]} Bg7 {[%emt 0:02:11]} 6. d4 {[%emt 0:10:01]} h6 {[%emt 0:00:16]} 7. Bc4 {[%emt 0:05:08]} Ne7 {[%emt 0:00:21]} 8. O-O {[%emt 0:01:52]} O-O {[%emt 0:02:59]} 9. Re1 {[%emt 0:15:56]} Nbc6 {[%emt 0:11:57]} 10. a3 {[%emt 0:09:19]} Ng6 {[%emt 0:09:27]} 11. Nd5 {[%emt 0:02:36]} Be6 {[%emt 0:07:37]} 12. Qd3 {[%emt 0:04:58]} Nce7 {[%emt 0:04:51]} 13. Bd2 {[%emt 0:08:08]} Nxd5 {[%emt 0:07:47]} 14. exd5 {[%emt 0:05:59]} Bd7 {[%emt 0:00:05]} 15. c3 {[%emt 0:03:07]} *

[Event "Groningen Festival 2019-A"]
[Site "Groningen"]
[Date "2019.12.21"]
[Round "1.3"]
[White "Woong, Zhi Wei William"]
[Black "Krasenkow, Michal"]
[Result "0-1"]
[WhiteElo "2222"]
[BlackElo "2611"]
[Annotator "RC"]
[PlyCount "42"]
[EventDate "2019.12.15"]
[EventType "swiss"]
[EventCountry "NED"]
[SourceTitle "playchess.com"]
[Source "ChessBase"]
[SourceQuality "1"]
[TimeControl "40/5400+30:1800+30"]

1. e4 {[%emt 0:00:00]} d6 {[%emt 0:00:00]} 2. Nc3 {[%emt 0:00:00]} e5 {[%emt 0:00:35]} 3. f4 {[%emt 0:00:12]} exf4 {[%emt 0:00:05]} 4. Nf3 {[%emt 0:00:18]} g5 {[%emt 0:00:23]} 5. h3 {[%emt 0:07:47]} Bg7 {[%emt 0:02:11]} 6. d4 {[%emt 0:10:01]} h6 {[%emt 0:00:16]} 7. Bc4 {[%emt 0:05:08]} Ne7 {[%emt 0:00:21]} 8. O-O {[%emt 0:01:52]} O-O {[%emt 0:02:59]} 9. Re1 {[%emt 0:15:56]} Nbc6 {[%emt 0:11:57]} 10. a3 {[%emt 0:09:19]} Ng6 {[%emt 0:09:27]} 11. Nd5 {[%emt 0:02:41]} Be6 {[%emt 0:07:37]} 12. Qd3 {[%emt 0:04:59]} Nce7 {[%emt 0:04:51]} 13. Bd2 {[%emt 0:08:08]} Nxd5 {[%emt 0:07:47]} 14. exd5 {[%emt 0:05:59]} Bd7 {[%emt 0:00:05]} 15. c3 {[%emt 0:03:07]} h5 {[%emt 0:09:56]} 16. Qf1 {[%emt 0:10:38]} g4 {[%emt 0:01:00]} 17. hxg4 {[%emt 0:00:56]} hxg4 {[%emt 0:00:06]} 18. Nh2 {[%emt 0:00:10]} Qh4 {[%emt 0:00:08]} 19. Bd3 {[%emt 0:06:58]} f3 {[%emt 0:11:36]} 20. Re4 {[%emt 0:01:07]} f2+ {[%emt 0:02:12]} 21. Kh1 {[%emt 0:00:43]} f5 {[%emt 0:00:45]} 0-1

[Event "Groningen Festival 2019-A"]
[Site "Groningen"]
[Date "2019.12.21"]
[Round "1.4"]
[White "Wedda, Dries"]
[Black "Ernst, Sipke"]
[Result "0-1"]
[WhiteElo "2209"]
[BlackElo "2541"]
[Annotator "TA"]
[PlyCount "60"]
[EventDate "2019.12.15"]
[EventType "swiss"]
[EventCountry "NED"]
[SourceTitle "playchess.com"]
[Source "ChessBase"]
[SourceQuality "1"]

{[%evp 9,60,17,50,18,29,15,33,27,35,28,69,60,64,53,72,55,63,0,70,67,51,52,64,60,73,74,69,-94,-95,-79,-86,-87,-95,-97,-83,-102,-62,-114,-112,-112,-118,-115,-113,-215,-195,-208,-206,-198,-183,-515,-451,-1016,-767]} 1. d4 e6 2. c4 g6 3. Nc3 Bg7 4. e4 Ne7 5. Nf3 d5 6. cxd5 $146 {A40: Unusual replies to 1 d4} (6. e5 Nbc6 7. Be2 h6 8. O-O O-O 9. Re1 b6 10. cxd5 Nxd5 11. Nxd5 Qxd5 12. Bd3 {1-0 (60) Onischuk,A (2681)-Ipatov,A (2665) Saint Louis 2018}) 6... exd5 7. e5 c5 8. dxc5 {White is slightly better.} Nbc6 9. Be2 Qa5 10. O-O Qxc5 11. Bf4 O-O 12. a3 Bg4 13. Rc1 (13. Na4 $14 Qa5 14. Re1) 13... Qb6 (13... Bxf3 $1 $11 14. Bxf3 Nxe5) 14. Na4 $1 $14 {[%cal Ra4b6]} ({Much weaker is} 14. Nxd5 Nxd5 15. Qxd5 Qxb2 $11) 14... Qc7 15. Re1 Rad8 16. b4 {[#] Black must now prevent b5.} Qb8 17. b5 Bxf3 18. bxc6 $2 (18. Bxf3 $14 {is the one way to stay ahead.} Nxe5 19. Qe2) 18... Bxe2 $17 19. c7 Bxd1 20. cxb8=Q Rxb8 21. Rexd1 Rbc8 22. Nc5 b6 {[%cal Bb7b6,Bb6c5][%mdl 32]} 23. Bg5 ({White should play} 23. Nd7 $15 Rxc1 24. Rxc1) 23... f6 $36 {[%mdl 2048] Black is on the roll.} ({But not} 23... Bxe5 $6 24. Nd7 $11) 24. exf6 Bxf6 25. Bxf6 Rxf6 26. Re1 (26. Nd7 $17 Rfc6 27. Rxc6 Rxc6 28. g3) 26... Rxc5 27. Rxc5 bxc5 28. Rxe7 Ra6 29. Re3 $2 {[#]} (29. Rc7) 29... d4 $19 30. Rb3 (30. Re4 $142 Rxa3 31. Kf1) 30... Rb6 {Accuracy: White = 32%, Black = 63%.} 0-1

[Event "Groningen Festival 2019-A"]
[Site "Groningen"]
[Date "2019.12.21"]
[Round "1.5"]
[White "Fier, Alexandr"]
[Black "Mollema, Thomas"]
[Result "1-0"]
[WhiteElo "2528"]
[BlackElo "2207"]
[Annotator "TA"]
[PlyCount "65"]
[EventDate "2019.12.15"]
[EventType "swiss"]
[EventCountry "NED"]
[SourceTitle "playchess.com"]
[Source "ChessBase"]
[SourceQuality "1"]

{[%evp 15,65,-2,0,0,0,-2,0,-9,0,-6,50,51,69,66,78,37,41,37,29,41,47,31,179,165,168,148,387,388,358,386,385,376,384,374,343,380,419,380,380,381,364,341,335,348,311,298,532,543,29986,29987,29986,29987]} 1. d4 Nf6 2. c4 e6 3. Nc3 Bb4 4. e3 b6 5. Nge2 Bb7 6. a3 Be7 7. Ng3 d5 8. cxd5 Nxd5 9. Bb5+ {E44: Nimzo-Indian: Rubinstein: 4...b6 5 Ne2} c6 10. Bd3 c5 $146 ({Predecessor:} 10... O-O 11. O-O Nxc3 12. bxc3 c5 13. Qe2 Qc8 14. Bb2 Nd7 15. e4 cxd4 16. cxd4 Nf6 {1-0 (27) Aleksandrov,A (2630)-Voit,D (2382) Batumi 2018}) 11. O-O {The position is equal.} cxd4 12. exd4 h5 (12... O-O $11) 13. Re1 Nxc3 14. bxc3 g6 15. Bf4 Nd7 16. c4 Nf6 17. Be5 h4 18. Ne2 Rh5 (18... Kf8 $14) 19. Nf4 $18 Rg5 {[#]} 20. d5 $1 $36 {[%mdl 2048] White has strong initiative.} Ng4 $2 {[#]} (20... Kf8 $16) 21. Nxe6 $1 {[%mdl 512]} fxe6 22. Bf4 Nxf2 23. Kxf2 Bc5+ 24. Kf1 e5 25. Bxe5 ({Don't play} 25. Rxe5+ Rxe5 26. Bxe5 (26. Bxg6+ Ke7 $16) 26... Ke7 $18) 25... h3 26. g3 Kf8 27. Qf3+ Kg8 28. Bf6 Qf8 {And now ...Bd4! would win.} 29. Re6 {Black must now prevent Qf4.} Bd4 30. Rae1 {aiming for Qf4.} Bxf6 $2 (30... Bc8) 31. Rxf6 ({Weaker is} 31. Qxf6 b5 $16) 31... Qxf6 32. Qxf6 Rf8 {[#]} 33. Re8 $1 {[%mdl 512] Accuracy: White = 68%, Black = 46%.} 1-0

[Event "Groningen Festival 2019-A"]
[Site "Groningen"]
[Date "2019.12.21"]
[Round "1.6"]
[White "Bruil, Rembrandt"]
[Black "Van Foreest, Lucas"]
[Result "0-1"]
[WhiteElo "2206"]
[BlackElo "2526"]
[Annotator "TA"]
[PlyCount "74"]
[EventDate "2019.12.15"]
[EventType "swiss"]
[EventCountry "NED"]
[SourceTitle "playchess.com"]
[Source "ChessBase"]
[SourceQuality "1"]

{[%evp 14,74,29,26,54,44,47,42,53,45,63,47,47,18,25,34,31,0,56,0,0,-17,-10,-11,0,-31,0,0,0,0,0,0,0,-17,-16,-17,-17,-17,-15,-27,-31,-28,-34,-29,-4,-20,-29,-17,0,0,49,-627,-637,-620,-612,-603,-591,-562,-567,-497,-568,-643,-598]} 1. d4 g6 2. Nf3 Bg7 3. g3 d6 4. Bg2 Nf6 5. O-O O-O 6. b3 Ne4 7. Bb2 f5 8. Nbd2 Nxd2 {A81: Dutch Defence: 2 g3} 9. Qxd2 Nd7 10. Rad1 $146 ({Predecessor:} 10. c4 Nf6 11. Qc2 c6 12. Nd2 Qc7 13. Rad1 e5 14. e4 exd4 15. Bxd4 f4 16. c5 fxg3 17. hxg3 dxc5 18. Bxc5 {½-½ (49) Danielian,E (2521)-Muzychuk,A (2538) Rostov on Don 2011}) 10... Nf6 {White is slightly better.} 11. c4 e6 12. Qc2 Qe7 13. Nd2 e5 14. dxe5 dxe5 15. c5 Re8 (15... e4 $11) 16. e3 (16. e4 $14) 16... e4 $11 17. Rfe1 Be6 18. Bf1 Rad8 19. Bc4 Nd5 20. Bxg7 Kxg7 21. b4 Nf6 22. Qc3 Kh6 23. Bxe6 Qxe6 24. Nc4 b5 25. cxb6 cxb6 {White must now prevent ...Rc8.} 26. Rd4 Rxd4 27. Qxd4 Rc8 28. Nd6 Rc2 (28... Rc7 $5 {[%cal Rc7d7]}) 29. a4 Ng4 $36 {[%mdl 2048] Black is pushing.} 30. Rf1 Rc6 31. Rd1 $1 Qa2 32. Rf1 $2 {[%mdl 8192] [#]} (32. Rd2 $14 Qe6 33. Kg2) 32... Rc1 $1 $19 {[%mdl 512] Black is clearly winning.} 33. Nxf5+ (33. Rxc1 Qxf2+) 33... gxf5 34. Qd6+ {[#]} Kh5 $1 {( -> ...Qxf2+)} 35. Qf4 Rxf1+ 36. Kxf1 Qa1+ 37. Kg2 Qe5 {Accuracy: White = 21%, Black = 57%.} 0-1

[Event "Groningen Festival 2019-A"]
[Site "Groningen"]
[Date "2019.12.21"]
[Round "1.7"]
[White "Poetsch, Hagen"]
[Black "Van Foreest, Machteld"]
[Result "1-0"]
[WhiteElo "2522"]
[BlackElo "2187"]
[Annotator "TA"]
[PlyCount "33"]
[EventDate "2019.12.15"]
[EventType "swiss"]
[EventCountry "NED"]
[SourceTitle "playchess.com"]
[Source "ChessBase"]
[SourceQuality "1"]

{[%evp 10,53,-3,-8,18,0,58,72,88,97,77,22,29,-27,-11,-29,-37,-23,151,177,133,144,270,160,311,194,494,445,513,480,607,581,868,867,843,832,885,909,1028,1025,1093,1063,1179,1174,1716,1702]} 1. e4 e5 2. Nf3 Nc6 3. Bc4 Bc5 4. b4 Bxb4 5. c3 Ba5 6. d4 b5 {C52: Evans Gambit Accepted: 5 c3 Ba5} (6... d6 7. Qb3 Qd7 8. O-O Bb6 9. Bb5 a6 10. Ba4 Ba7 11. Na3 Nge7 12. d5 b5 13. Nxb5 axb5 14. Bxb5 O-O 15. dxc6 Qg4 16. Qc2 {0-1 (48) Li,C (2751)-Ding,L (2766) Huaian 2016}) 7. Bd5 exd4 (7... Nge7 $11) 8. Qb3 $1 $14 Qe7 $146 {White is better.} ({Predecessor:} 8... Qf6 9. e5 Qg6 10. Ng5 Nh6 11. e6 O-O 12. exf7+ Nxf7 13. Nxf7 Rxf7 14. O-O dxc3 15. Nxc3 {0-1 (27) Molina,H-Molinari,E Argentina 1975}) 9. O-O Rb8 10. cxd4 (10. a4 $16) 10... Nf6 $11 11. Bg5 (11. a4 $142 a6 12. Bg5) 11... h6 12. Bh4 {Hoping for e5.} g5 13. Bg3 Nxe4 $2 (13... O-O $11) 14. Bxe4 $16 Qxe4 15. Nbd2 $36 {[%mdl 2048] Black is under strong pressure.} Qf5 (15... Bxd2 $16 16. Nxd2 Qxd4) 16. d5 (16. Rae1+ $18 Ne7 17. Re5) 16... Ne7 $2 (16... O-O $16 {might work better.}) 17. Rae1 {Played: d5-d6} 1-0

[Event "Groningen Festival 2019-A"]
[Site "Groningen"]
[Date "2019.12.21"]
[Round "1.8"]
[White "Van Baar, Esper"]
[Black "Gleizerov, Evgeny"]
[Result "0-1"]
[WhiteElo "2181"]
[BlackElo "2508"]
[Annotator "TA"]
[PlyCount "66"]
[EventDate "2019.12.15"]
[EventType "swiss"]
[EventCountry "NED"]
[SourceTitle "playchess.com"]
[Source "ChessBase"]
[SourceQuality "1"]

{[%evp 24,66,65,55,81,26,37,26,6,22,9,0,0,7,30,38,133,129,160,83,86,0,0,0,458,10,451,450,446,0,408,0,49,-834,-183,-812,-803,-1147,-977,-968,-877,-1922,-1754,-1458,-1070]} 1. e4 e6 2. d4 d5 3. Nd2 Nf6 4. e5 Nfd7 5. Bd3 c5 6. c3 Nc6 7. Ne2 cxd4 8. cxd4 f6 9. exf6 Qxf6 10. O-O Bd6 11. Nf3 h6 12. Be3 O-O 13. Rc1 Rd8 {C06: French Tarrasch: 3...Nf6 4 e5 Nfd7 5 Bd3 main lines} 14. Qd2 (14. a3 $16) (14. a3 Nf8 15. Qd2 Bd7 16. Bf4 Be8 17. Bxd6 Rxd6 18. Ng3 Bg6 19. Bb5 Be4 20. Ne5 Nxe5 21. dxe5 Qxe5 22. f4 {1-0 (22) Grandelius,N (2642)-Ivanov,S (2547) Sweden 2017}) 14... e5 $11 {Hoping for ...e4.} 15. dxe5 Ndxe5 {White has an edge.} 16. Nxe5 Bxe5 17. b4 $146 ({Predecessor:} 17. b3 d4 18. Bf4 Bf5 19. Bxf5 Qxf5 20. Bxe5 Nxe5 21. Ng3 {0-1 (28) Hopkins,P (1914)-Shaw,M (1926) England 2010}) 17... d4 18. Bf4 a6 19. Rfe1 Bd6 (19... Bxf4 $14 20. Nxf4 Bf5) 20. Bxd6 $16 Qxd6 21. a3 (21. Nf4 $142 $1) 21... Be6 22. Qf4 ({White should try} 22. Bb1 $16) 22... Ne5 $36 {[%mdl 2048] Black has good play.} 23. Qe4 Bf7 $2 {[%mdl 8192]} (23... Nxd3 $11 {and Black has nothing to worry.} 24. Qxd3 a5) 24. Qh7+ $18 Kf8 25. Nf4 $1 Nxd3 26. Qh8+ {[%mdl 64] Zwischenzug} ({Not} 26. Nxd3 $2 Bg6 $19) 26... Bg8 {[#]} 27. Nxd3 $2 ({Only move:} 27. Rc7 $1 $18 {[%mdl 512]} Qxc7 28. Ne6+ {[%mdl 64] Double Attack} Ke7 29. Qxg7+ (29. Nxc7+ Kf6 $16) 29... Bf7 30. Nxc7+ Nxe1 31. Qe5+ (31. Nxa8 Nf3+ 32. Kf1 d3 $11) 31... Kf8 32. Nxa8 (32. Qxe1 Rac8 $11)) 27... Re8 28. Rc5 $2 {[%mdl 8192]} (28. f4 $14) 28... Rxe1+ $19 29. Nxe1 {aiming for Rf5+.} Qe6 {[%cal Re6e1] Black is clearly winning.} 30. Nf3 Rc8 31. Rxc8+ Qxc8 32. h4 Qc1+ 33. Kh2 Qf4+ {Accuracy: White = 40%, Black = 62%.} 0-1

[Event "Groningen Festival 2019-A"]
[Site "Groningen"]
[Date "2019.12.21"]
[Round "1.9"]
[White "Beerdsen, Thomas"]
[Black "Balje, Jan"]
[Result "1-0"]
[WhiteElo "2482"]
[BlackElo "2179"]
[Annotator "TA"]
[PlyCount "51"]
[EventDate "2019.12.15"]
[EventType "swiss"]
[EventCountry "NED"]
[SourceTitle "playchess.com"]
[Source "ChessBase"]
[SourceQuality "1"]

{[%evp 15,51,0,10,11,17,14,32,29,28,0,4,0,4,0,0,0,37,22,56,43,50,54,74,48,43,31,129,131,123,128,130,140,286,254,254,259,281,292]} 1. e4 e5 2. Nf3 Nc6 3. Nc3 Nf6 4. Bb5 Bb4 5. O-O O-O 6. d3 Bxc3 7. bxc3 d6 8. Re1 Qe7 9. h3 {C49: Four Knights: 4 Bb5 Bb4} a6 10. Ba4 (10. Bxc6 bxc6 11. Rb1 h6 12. c4 c5 13. Nh4 Nd5 14. Qh5 Nb4 15. Rb2 Be6 16. Bxh6 Qf6 {1-0 (30) Andreikin,D (2719)-Vasquez Schroder,R (2495) Sitges 2018}) 10... b5 11. Bb3 {White is slightly better.} Na5 12. Qe2 $146 ({Predecessor:} 12. a4 h6 13. Bd5 c6 14. Ba2 bxa4 15. Bb1 {½-½ (60) Jovanovic,B (2050)-Obukhov,G (1923) LSS email 2013}) 12... Bd7 13. Bg5 h6 14. Bh4 g5 15. Bg3 Rae8 16. Nd2 Kh7 17. Nf1 c6 18. Ne3 Kg6 19. Qf3 Nh5 20. a4 {[%cal Ba2a4,Ba4b5][%mdl 32]} f5 ({Black should try} 20... Ra8 $14) 21. exf5+ $16 Bxf5 {[#]} 22. axb5 $1 {[%mdl 64] Discovered Attack} Nxb3 23. cxb3 Bxd3 (23... Nxg3 $16 {was worth a try.} 24. bxc6 (24. Qxg3 axb5 25. Nxf5 Rxf5 $14) (24. fxg3 e4 $16) 24... Nh5) 24. Qxc6 $18 {White has a decisive advantage.} Nxg3 25. fxg3 axb5 26. Nd5 {Accuracy: White = 77%, Black = 31%.} 1-0